000 00323nam a22001457a 4500
999 _c54935
_d54935
008 190926b ||||| |||| 00| 0 eng d
020 _a9780078021343
041 _aeng
080 _23rd
_a613.2
082 _a613.2
100 _a10
101 _aNUT
245 _aContemporary Nutrition
_cWardlaw,G,M
942 _2udc
_cBK